000 00451nam a2200157 i 4500
001 38636
003 ES-MaACL
005 20230906155807.0
007 t|
008 030226s1971 sp ||||1| spa d
100 1 _aBurta, José María.
_932783
245 1 0 _aCadencia de las horas /
_cJosé María Burta.
260 _aPalma de Mallorca :
_b[s.n.,
_c1971] (
_fImp. S.S. Corazones)
300 _a69 p. ;
_c22 cm.
852 _aES-MaACL
_jC-41140
_bR.80748
999 _c38636
_d38636